[Event "Khanty-Mansiysk TOP 28 Rapid GP (Women)"]
[Site "Khanty-Mansiysk"]
[Date "2023.12.03"]
[Round "11"]
[White "Goltseva, Ekaterina"]
[Black "Zhurova, Anna"]
[Result "1-0"]
[WhiteElo "2331"]
[BlackElo "2149"]
[PlyCount "77"]
[EventDate "2023.12.01"]
[EventType "tourn (rapid)"]
[EventRounds "13"]
[EventCountry "RUS"]
[SourceTitle "CB49_2023"]
[SourceDate "2023.12.06"]
[SourceVersion "1"]
[SourceVersionDate "2023.12.06"]
[SourceQuality "1"]

1. d4 Nf6 2. c4 e5 3. dxe5 Ng4 4. Bf4 Nc6 5. Nf3 Bb4+ 6. Nbd2 Qe7 7. e3 Ngxe5 8. Nxe5 Nxe5 9. a3 Bxd2+ 10. Qxd2 0-0 11. Be2 d6 12. 0-0 a5 13. b4 axb4 14. axb4 Rxa1 15. Rxa1 Bg4 16. f3 Be6 17. c5 Ng6 18. cxd6 Qf6 19. Ra7 Nxf4 20. exf4 cxd6 21. Rxb7 d5 22. b5 Qa1+ 23. Kf2 h5 24. Rc7 h4 25. Qc1 Qa5 26. Qc3 Qa4 27. Qe5 Qa5 28. Rb7 Qa8 29. Rc7 Qa5 30. Rc6 Bd7 31. Qc7 Qxc7 32. Rxc7 Bf5 33. b6 d4 34. b7 Rb8 35. Ba6 d3 36. Rc8+ Bxc8 37. bxc8Q+ Rxc8 38. Bxc8 d2 39. Ke2 1-0

[Event "Wch U18 Girls"]
[Site "Montesilvano"]
[Date "2023.11.13"]
[Round "1"]
[White "Zhurova, Anna"]
[Black "Soares, Sara Joana de Moura"]
[Result "1-0"]
[WhiteElo "2149"]
[BlackElo "1772"]
[PlyCount "65"]
[EventDate "2023.11.13"]
[EventType "swiss"]
[EventRounds "11"]
[EventCountry "ITA"]
[SourceTitle "CB48_2023"]
[SourceDate "2023.11.29"]
[SourceVersion "1"]
[SourceVersionDate "2023.11.29"]
[SourceQuality "1"]

1. e4 e6 2. d4 d5 3. Nc3 Nf6 4. e5 Nfd7 5. f4 c5 6. Nf3 Nc6 7. Be3 a6 8. Ne2 cxd4 9. Nexd4 Be7 10. c3 g6 11. Bd3 Qc7 12. 0-0 0-0 13. h4 b5 14. h5 Na5 15. hxg6 hxg6 16. Qc2 Nc5 17. Bxg6 Nc4 18. Bh7+ Kg7 19. Bc1 Bd7 20. b3 Nb6 21. f5 exf5 22. Bxf5 Rh8 23. Bxd7 Qxd7 24. e6 Qc7 25. Qf5 Nxe6 26. Qxe6 fxe6 27. Nxe6+ Kf7 28. Nxc7 Ra7 29. Nd4+ Kg6 30. Nce6 Bd6 31. Bf4 Bxf4 32. Rxf4 Rah7 33. Nf8+ 1-0

[Event "RUS-ch Rapid (Women)"]
[Site "Sochi"]
[Date "2023.10.16"]
[Round "10"]
[White "Voit, Daria"]
[Black "Zhurova, Anna"]
[Result "0-1"]
[WhiteElo "2343"]
[BlackElo "2288"]
[PlyCount "45"]
[EventDate "2023.10.15"]
[EventType "swiss (rapid)"]
[EventRounds "11"]
[EventCountry "RUS"]
[SourceTitle "Mega2024 Update 01"]
[Source "Chessbase"]
[SourceDate "2023.11.12"]
[SourceVersion "1"]
[SourceVersionDate "2023.11.12"]
[SourceQuality "1"]

1. d4 e6 2. c4 Nf6 3. Nf3 b6 4. g3 Bb7 5. Bg2 Bb4+ 6. Bd2 a5 7. 0-0 0-0 8. Nc3 d5 9. cxd5 exd5 10. Ne5 Be7 11. Rc1 c5 12. dxc5 bxc5 13. Na4 Na6 14. Qb3 Rb8 15. Qb5 Bd6 16. Bxa5 Nc7 17. Bxc7 Qxc7 18. f4 c4 19. Nc3 Ba8 20. Qa4 Rxb2 21. Nf3 Ng4 22. Rb1 Rxb1 23. Rxb1 0-1

[Event "RUS-ch Blitz (Women)"]
[Site "Sochi"]
[Date "2023.10.14"]
[Round "13"]
[White "Zhurova, Anna"]
[Black "Darmaeva, Nomina"]
[Result "1-0"]
[WhiteElo "2288"]
[BlackElo "1903"]
[PlyCount "63"]
[EventDate "2023.10.14"]
[EventType "swiss (blitz)"]
[EventRounds "13"]
[EventCountry "RUS"]
[SourceTitle "Mega2024 Update 01"]
[Source "Chessbase"]
[SourceDate "2023.11.12"]
[SourceVersion "1"]
[SourceVersionDate "2023.11.12"]
[SourceQuality "1"]

1. e4 e5 2. Nf3 Nc6 3. Bb5 a6 4. Ba4 Nf6 5. 0-0 Nxe4 6. d4 b5 7. Bb3 d5 8. dxe5 Be6 9. c3 Be7 10. h3 0-0 11. Bc2 Nc5 12. Be3 Re8 13. Nbd2 h6 14. Re1 Bf8 15. Nf1 Qd7 16. Ng3 Rad8 17. Qd2 Na5 18. Bxc5 Bxc5 19. Qd3 g6 20. b4 Bxf2+ 21. Kxf2 Nc4 22. Bb3 Qe7 23. Bxc4 dxc4 24. Qe3 Kg7 25. Rad1 a5 26. a3 axb4 27. axb4 Ra8 28. Rd2 Red8 29. Red1 Rxd2+ 30. Rxd2 c6 31. Nd4 Bd5 32. Ndf5+ 1-0

[Event "Novyy Urengoy Flaming Memorial"]
[Site "Novyy Urengoy"]
[Date "2023.08.31"]
[Round "4"]
[White "Zhurova, Anna"]
[Black "Zemlyanskii, Ivan"]
[Result "0-1"]
[WhiteElo "2167"]
[BlackElo "2296"]
[PlyCount "90"]
[EventDate "2023.08.30"]
[EventType "tourn"]
[EventRounds "9"]
[EventCountry "RUS"]
[EventCategory "2"]
[SourceTitle "EXT 2024"]
[Source "ChessBase"]
[SourceDate "2023.10.10"]
[SourceVersion "1"]
[SourceVersionDate "2023.10.10"]
[SourceQuality "1"]

1. e4 c5 2. Nc3 a6 3. Nf3 d6 4. d4 cxd4 5. Nxd4 Nf6 6. Be3 e5 7. Nb3 Be6 8. Qd2 Nbd7 9. 0-0-0 Be7 10. h3 h5 11. Kb1 b5 12. Be2 Nb6 13. f3 h4 14. Qe1 Qc7 15. f4 Rc8 16. f5 Bd7 17. Qf2 Na4 18. Bf3 Nxc3+ 19. bxc3 Qxc3 20. Bg5 a5 21. Bxf6 gxf6 22. Qd2 a4 23. Qxc3 Rxc3 24. Nc1 Bc6 25. Nd3 Rc4 26. Rhe1 a3 27. Re3 Kd7 28. Nf2 Ra8 29. Bh5 Ke8 30. Rdd3 b4 31. g3 Ba4 32. Bd1 Rac8 33. Re2 Bb5 34. Ree3 R4c5 35. Rd2 Rc3 36. Nd3 Bf8 37. Be2 Bh6 38. Nxb4 Bxe3 39. Bxb5+ Kf8 40. Rd3 hxg3 41. Rxc3 Rxc3 42. Bf1 Rc4 43. Nd5 Bg5 44. Bg2 Rd4 45. Nc3 Rd2 0-1